01134cam a2200301Ma 450000100090000000300060000900500170001500800410003201500190007301600180009203500240011003500130013404000360014708200200018310000240020324501810022726400470040830000230045533600210047833700250049933800230052450000530054765000560060065000490065665000370070565000510074265100390079312285259GBCCL20241126110432.0131009s2014 enk 000 0 eng d aGBB3B13112bnb7 a0165597152Uk a(OCoLC)ocn896868585 a12285259 aUKMGBbengcUKMGBdOCLCOdCtY-D04a305.89223bHAO1 aHaokip, Jangkholam.10aColonisation, identity and search for peace :ba transcribed text of and preliminary comments on operations against Kuki tribes of Assam and Burma 1917-1919cJangkholam Haokip. 1aChurachandpur :bDr. Laljem Haokip,c2015. a127 pages ;c23 cm atext2rdacontent aunmediated2rdamedia avolume2rdacarrier aA colonial document preserved at British library 0aKuki (Indic people)zIndiazAssamxEthnic identity. 0aKuki (Indic people)zIndiazBurmaxReligion. 0aColonizationxReligious aspects. 0aChristianity and culturezIndia, Northeastern. 0aIndia, NortheasternxColonization.